Literatura norteamericana de hoy : (poesía-teatro-novela) / (Record no. 186061)

MARC details
000 -LEADER
campo de control de longitud fija 00858nam a2200229 i 4500
001 - NÚMERO DE CONTROL
campo de control 186061
003 - IDENTIFICADOR DE NÚMERO DE CONTROL
campo de control ES-MaACL
005 - FECHA Y HORA DE LA ÚLTIMA TRANSACCIÓN
campo de control 20250905063056.0
008 - DATOS DE LONGITUD FIJA--INFORMACIÓN GENERAL
campo de control de longitud fija 160906s1963 sp |||| |dspa d
100 1# - ENTRADA PRINCIPAL--NOMBRE DE PERSONA
Nombre de persona Cambon, Glauco
9 (RLIN) 160742
245 10 - MENCIÓN DEL TÍTULO
Título Literatura norteamericana de hoy : (poesía-teatro-novela) /
Mención de responsabilidad, etc. [Glauco Cambon, Alan S. Downer, Jack Ludwig ; traducción, Ángela Figuera].
260 ## - PUBLICACIÓN, DISTRIBUCIÓN, ETC.
Lugar de publicación, distribución, etc. Madrid :
Nombre del editor, distribuidor, etc. Gredos,
Fecha de publicación, distribución, etc. 1963.
300 ## - DESCRIPCIÓN FÍSICA
Extensión 172 p. ;
Dimensiones 18 cm.
490 1# - MENCIÓN DE SERIE
Mención de serie Tres escritores norteamericanos ;
Designación de volumen o secuencia 6
650 #4 - PUNTO DE ACCESO ADICIONAL DE MATERIA--TÉRMINO DE MATERIA
Término de materia o nombre geográfico como elemento de entrada Literatura norteamericana-
Subdivisión cronológica S.XX-
Subdivisión general Historia y crítica.
9 (RLIN) 14644
700 1# - ENTRADA AGREGADA--NOMBRE PERSONAL
Nombre de persona Downer, Alan S.
9 (RLIN) 160743
700 1# - ENTRADA AGREGADA--NOMBRE PERSONAL
Nombre de persona Ludwig, Jack.
9 (RLIN) 160744
700 0# - ENTRADA AGREGADA--NOMBRE PERSONAL
Nombre de persona Figuera Aymerich, Angela,
Fechas asociadas al nombre 1902-1984
9 (RLIN) 50755
830 0# - PUNTO DE ACCESO ADICIONAL DE SERIE-TÍTULO UNIFORME
Título uniforme Tres escritores norteamericanos ;
Designación de volumen o secuencia 6
9 (RLIN) 192479
852 ## - LOCALIZACIÓN
Ubicación ES-MaACL
Número de control de estantería E-4855
Holdings
Estatus retirado Estado de pérdida Estado de daño No para préstamo Biblioteca de origen Biblioteca actual Ubicación en estantería Fecha de adquisición Fuente de adquisición Total de préstamos Signatura topográfica completa Código de barras Visto por última vez Precio de reemplazo Tipo de ítem Koha
        Biblioteca del Ateneo de Madrid Biblioteca del Ateneo de Madrid Depósito 2 06/09/2016     E-4855 1196156 23/02/2023 23/02/2023 Libro impreso